|
|
|
|
| LEADER |
00000nab a2200000 4500 |
| 001 |
vtls011743216 |
| 003 |
SK-MaSNL |
| 005 |
20260319070821.0 |
| 008 |
180223|2018 xo w||| || ||00 0|hun |
| 015 |
|
|
|a SNBRB2018/02
|
| 040 |
|
|
|a DSZK
|b slo
|c DSZK
|e rda
|
| 041 |
|
|
|a hun
|
| 043 |
|
|
|a e-xo---
|
| 044 |
|
|
|a xo
|c SK
|
| 072 |
|
7 |
|a 796
|x Šport. Hry. Telesné cvičenia
|2 konspekt
|
| 080 |
|
|
|a 796.332:061
|x (437.612)
|2 2011
|
| 100 |
1 |
|
|a Álló, István
|4 ivr
|4 aut
|9 776973
|
| 245 |
1 |
0 |
|a Mindig a következő mérkőzés számít
|c Álló István, Ravasz Tibor
|
| 300 |
|
|
|b Fotografia
|
| 336 |
|
|
|a text
|b txt
|2 rdacontent
|
| 337 |
|
|
|a bez média
|b n
|2 rdamedia
|
| 338 |
|
|
|a zväzok
|b nc
|2 rdacarrier
|
| 610 |
2 |
7 |
|a MFK Malé Dvorníky
|2 dszk
|9 1087088
|
| 651 |
|
7 |
|a Malé Dvorníky (Slovensko)
|2 SNKPH
|9 154263
|
| 700 |
1 |
|
|a Ravasz, Tibor
|4 ive
|4 aut
|9 1087089
|
| 773 |
0 |
|
|t Csallóköz
|g Évf. 57, sz. 50 (2017), o. 43
|x 1336-3638
|
| 852 |
|
|
|a DSZK
|b KIS3GCP
|
| 958 |
|
|
|a HU
|
| 999 |
|
|
|c 1787600
|d 1789530
|